000 02007nam a22003017a 4500
008 090611t xxu||||| |||| 00| 0 eng d
022 _a17571383
082 _221
_a338.2728096105
_bPET
245 _aPetroleum Africa /
_cPetroleum Africa inc.
250 _aMonthly
260 _aTortola
_bBritish Virgin Islands,
_cc2009-
270 _a17A/4 El Lasselky Division New Maadi,
_bCairo
_dEgypt
_jTel/Fax +202 2982 0732
_lTel/Fax +202 2982 0732
_megypt@petroleumafrica.com
300 _avol. :
_bcol. ill.;
_c32 cm.
650 0 _aGas industry
_vPeriodicals.
_zAfrica
_96106
650 0 _aPetroleum industry and trade
_vPeriodicals.
_zAfrica
_96107
710 0 _aPetroleum Africa inc.
_96108
942 _2ddc
_cJOURNAL
_s1
999 _c11814
_d11814